[Event "Dortmund Sparkassen"]
[Site "Dortmund GER"]
[Date "2018.07.20"]
[EventDate "2018.07.14"]
[Round "5"]
[Result "1/2-1/2"]
[White "Jan-Krzysztof Duda"]
[Black "Georg Meier"]
[WhiteElo "2737"]
[BlackElo "2628"]
[PlyCount "66"]

1. Nf3 d5 2. c4 e6 3. e3 Nf6 4. Nc3 Be7 5. b3 dxc4 6. Bxc4 a6
7. Bb2 b5 8. Be2 Bb7 9. g4 h6 10. Rg1 g5 11. Ne5 Nbd7 12. Nxd7
Qxd7 13. Bf3 O-O-O 14. Bxb7+ Kxb7 15. Qf3+ Qc6 16. Qxc6+ Kxc6
17. Ne2 Rh7 18. Rc1+ Kb7 19. Bxf6 Bxf6 20. h3 Be5 21. Rc2 h5
22. Nc1 hxg4 23. hxg4 Bh2 24. Rg2 Bd6 25. Ke2 Rh1 26. Nd3 Rdh8
27. Ne1 Be7 28. Nf3 Kb6 29. Ne5 R8h7 30. Nd7+ Kb7 31. Nc5+ Kb6
32. Nd7+ Kb7 33. Nc5+ Kb6 1/2-1/2

[Event "Dortmund Sparkassen"]
[Site "Dortmund GER"]
[Date "2018.07.22"]
[EventDate "2018.07.14"]
[Round "7"]
[Result "1/2-1/2"]
[White "Anish Giri"]
[Black "Jan-Krzysztof Duda"]
[WhiteElo "2782"]
[BlackElo "2737"]
[PlyCount "94"]

1. e4 d6 2. d4 Nf6 3. Nc3 g6 4. Nf3 Bg7 5. Be3 O-O 6. Qd2 Nc6
7. d5 Nb8 8. Bh6 e5 9. dxe6 Bxe6 10. Bxg7 Kxg7 11. O-O-O Nc6
12. h3 Re8 13. g4 a6 14. Bg2 Nd7 15. Ng5 Nb6 16. f4 Nc4
17. Qd3 b5 18. e5 Nb4 19. Qg3 d5 20. a3 a5 21. Qh4 h6
22. Nxe6+ fxe6 23. Qxd8 Rexd8 24. Rde1 d4 25. Nxb5 d3 26. axb4
d2+ 27. Kb1 dxe1=Q+ 28. Rxe1 Rab8 29. Nxc7 Rd2 30. Nxe6+ Kf7
31. Bf1 Rxb4 32. Kc1 Rf2 33. Nd4 Nxe5 34. fxe5 Rxd4 35. Bd3 g5
36. Re3 Rdf4 37. Be2 Ke7 38. Kb1 Rf8 39. Ka2 R2f4 40. Ka3 Rb8
41. b3 Rc8 42. Bc4 Rcxc4 43. bxc4 Rxc4 44. c3 a4 45. e6 Rf4
46. Kb2 Rf2+ 47. Ka3 Rf4 1/2-1/2

[Event "Hainan Danzhou GM"]
[Site "Danzhou CHN"]
[Date "2018.07.27"]
[EventDate "2018.07.27"]
[Round "1.4"]
[Result "0-1"]
[White "Vidit Santosh Gujrathi"]
[Black "Jan-Krzysztof Duda"]
[WhiteElo "2718"]
[BlackElo "2737"]
[PlyCount "140"]

1. e4 e6 2. d4 d5 3. Nc3 Nf6 4. e5 Nfd7 5. f4 c5 6. Nf3 Nc6
7. Be3 Qb6 8. Na4 Qa5+ 9. c3 b6 10. Bd2 c4 11. b4 Qa6 12. Nb2
b5 13. a3 Qb7 14. Be2 Be7 15. O-O a5 16. Qe1 O-O 17. Rc1 f5
18. Nd1 Nb6 19. Ne3 Bd7 20. Bd1 axb4 21. axb4 Ra3 22. Bc2 Na4
23. Ra1 Rxa1 24. Qxa1 Nxc3 25. Bxc3 Nxb4 26. Qb1 Nc6 27. g4 g6
28. gxf5 gxf5 29. Kh1 b4 30. Rg1+ Kh8 31. Ba4 Nxe5 32. Nxe5
Bxa4 33. Bd2 Bd6 34. Qf1 c3 35. Be1 Bb5 36. Qh3 Bxe5 37. fxe5
Bd3 38. Rg5 Be4+ 39. Kg1 Qe7 40. Qh6 Qxg5+ 41. Qxg5 Rg8
42. Qg3 Rxg3+ 43. hxg3 Kg7 44. Kh2 Kg6 45. Kh3 Kh5 46. Kh2 Bf3
47. Kg1 Kg6 48. Kf2 Be4 49. Ke2 Kg5 50. Kf2 Kg6 51. Ke2 h5
52. Kf2 Kf7 53. Ke2 Ke8 54. Kd1 Kd7 55. Kc1 Kc6 56. Nd1 Kb5
57. Ne3 Ka4 58. Nd1 Kb3 59. Ne3 Bd3 60. Bf2 Ka4 61. Be1 Ka5
62. Nd1 Kb5 63. Ne3 Be4 64. Kd1 f4 65. gxf4 h4 66. f5 h3
67. f6 h2 68. f7 h1=Q 69. f8=Q Bf3+ 70. Kc2 Qh2+ 0-1

[Event "Hainan Danzhou GM"]
[Site "Danzhou CHN"]
[Date "2018.07.28"]
[EventDate "2018.07.27"]
[Round "2.1"]
[Result "1/2-1/2"]
[White "Le Quang Liem"]
[Black "Jan-Krzysztof Duda"]
[WhiteElo "2728"]
[BlackElo "2737"]
[PlyCount "77"]

1. c4 Nf6 2. Nc3 e5 3. Nf3 Nc6 4. e3 g6 5. d4 d6 6. Be2 Bg7
7. dxe5 Nxe5 8. Nxe5 dxe5 9. Qxd8+ Kxd8 10. e4 Be6 11. Be3 Kc8
12. O-O c6 13. h3 h5 14. Rad1 Bh6 15. Bxh6 Rxh6 16. h4 Kc7
17. g3 Rhh8 18. Rd2 Rad8 19. Rfd1 Rxd2 20. Rxd2 a6 21. f3 b5
22. Nd1 b4 23. b3 Nd7 24. Nb2 Nc5 25. Kf2 a5 26. Nd3 Nxd3+
27. Bxd3 f6 28. a4 g5 29. Rd1 gxh4 30. gxh4 Rd8 31. Bc2 Rxd1
32. Bxd1 Kd6 33. Ke3 Bf7 34. f4 c5 35. f5 Ke7 36. Be2 Kd6
37. Bd1 Ke7 38. Be2 Kd6 39. Bd1 1/2-1/2

[Event "Hainan Danzhou GM"]
[Site "Danzhou CHN"]
[Date "2018.07.29"]
[EventDate "2018.07.27"]
[Round "3.4"]
[Result "1/2-1/2"]
[White "Jan-Krzysztof Duda"]
[Black "Vladimir Fedoseev"]
[WhiteElo "2737"]
[BlackElo "2707"]
[PlyCount "128"]

1. d4 d5 2. c4 e6 3. Nc3 a6 4. cxd5 exd5 5. Qb3 Nf6 6. Bg5 c6
7. e3 Be7 8. Bd3 O-O 9. Nge2 Nbd7 10. Qc2 h6 11. Bh4 Ne8
12. Bg3 Nb6 13. h3 Bd6 14. Bf4 a5 15. g4 Qh4 16. Rg1 Nc4
17. Rg3 b5 18. O-O-O a4 19. Rdg1 a3 20. b3 Nb2 21. g5 hxg5
22. Bxd6 Nxd6 23. Rxg5 Rd8 24. Rxg7+ Kf8 25. Nf4 Nxd3+
26. Qxd3 Qxf2 27. R7g2 Qh4 28. Rg8+ Ke7 29. Ng6+ fxg6 30. Rg7+
Nf7 31. Rxf7+ Kxf7 32. Qxg6+ Ke7 33. Qg7+ Ke8 34. Qe5+ Kf7
35. Qg7+ Ke8 36. Qe5+ Kf7 37. Rg7+ Kf8 38. Rg5 Be6 39. Rh5
Qxh5 40. Qxh5 Ke7 41. Qg5+ Kd7 42. Qg7+ Kc8 43. h4 Rg8 44. Qe7
Bd7 45. h5 Kc7 46. Ne2 Rae8 47. Qc5 Kb7 48. Qxa3 Rxe3 49. Nf4
Ra8 50. Qd6 Rxa2 51. Qxd7+ Kb8 52. Kd1 Rxb3 53. Qe8+ Kb7
54. Qe7+ Ka6 55. Ne2 Rh3 56. Ke1 Rxh5 57. Qc7 Rh1+ 58. Kf2 Rc2
59. Kf3 Rf1+ 60. Ke3 Re1 61. Kd3 Rcxe2 62. Qxc6+ Ka5 63. Qc3+
Ka4 64. Qb4+ Kxb4 1/2-1/2

[Event "Hainan Danzhou GM"]
[Site "Danzhou CHN"]
[Date "2018.07.30"]
[EventDate "2018.07.27"]
[Round "4.2"]
[Result "1-0"]
[White "Samuel Shankland"]
[Black "Jan-Krzysztof Duda"]
[WhiteElo "2727"]
[BlackElo "2737"]
[PlyCount "67"]

1. e4 c5 2. Nf3 e6 3. d4 cxd4 4. Nxd4 Nf6 5. Nc3 d6 6. Be3 Be7
7. f3 O-O 8. Qd2 Nc6 9. O-O-O d5 10. Be2 dxe4 11. Nxc6 bxc6
12. Qxd8 Bxd8 13. Nxe4 Nxe4 14. fxe4 Bb6 15. Bxb6 axb6 16. Kb1
Ba6 17. Bxa6 Rxa6 18. Rd6 Rfa8 19. Rhd1 g5 20. Rxc6 Rxa2
21. c4 R2a4 22. Rd7 g4 23. h3 h5 24. hxg4 hxg4 25. Rd3 Kf8
26. Kc2 b5 27. cxb5 Rxe4 28. b6 Rb8 29. Rb3 Ke8 30. Kd3 Ra4
31. Rc7 Ra6 32. b7 Rd6+ 33. Kc4 Rdd8 34. Rd3 1-0

[Event "Hainan Danzhou GM"]
[Site "Danzhou CHN"]
[Date "2018.08.01"]
[EventDate "2018.07.27"]
[Round "5.3"]
[Result "1/2-1/2"]
[White "Jan-Krzysztof Duda"]
[Black "Yu Yangyi"]
[WhiteElo "2737"]
[BlackElo "2762"]
[PlyCount "100"]

1. e4 c5 2. Nf3 e6 3. d4 cxd4 4. Nxd4 a6 5. c4 Nf6 6. Nc3 Qc7
7. Be2 b6 8. f4 Bb7 9. e5 Ne4 10. Nxe4 Bxe4 11. Bf3 Bb4+
12. Kf2 Bxf3 13. Qxf3 Nc6 14. Nxc6 dxc6 15. Be3 O-O 16. g3
Rad8 17. Rhd1 Be7 18. Qe4 b5 19. Ke2 bxc4 20. Qxc4 Qb7 21. Qb3
Qa8 22. Rxd8 Rxd8 23. Kf2 c5 24. Qc4 h5 25. h4 g6 26. Re1 Rb8
27. b3 Rb4 28. Qe2 a5 29. Bd2 Rd4 30. Bc3 Rd5 31. Qc4 Kf8
32. Rf1 Rd7 33. Kg1 Kg8 34. Kh2 Qd8 35. Kh3 Qa8 36. Kh2 Ra7
37. a4 Rd7 38. Qb5 Rb7 39. Qc6 Qb8 40. Rb1 Rb6 41. Qd7 Rb7
42. Qc6 Rxb3 43. Rxb3 Qxb3 44. Bxa5 c4 45. Bc7 c3 46. Bd6 Qc2+
47. Kh3 Qf5+ 48. Kh2 Qc2+ 49. Kh3 Qf5+ 50. Kh2 Qc2+ 1/2-1/2

[Event "Hainan Danzhou GM"]
[Site "Danzhou CHN"]
[Date "2018.08.02"]
[EventDate "2018.07.27"]
[Round "6.3"]
[Result "0-1"]
[White "Bu Xiangzhi"]
[Black "Jan-Krzysztof Duda"]
[WhiteElo "2712"]
[BlackElo "2737"]
[PlyCount "109"]

1. c4 Nf6 2. Nc3 e6 3. d4 Bb4 4. Qc2 O-O 5. a3 Bxc3+ 6. Qxc3
d5 7. Nf3 dxc4 8. Qxc4 b6 9. g3 Ba6 10. Qa4 Qc8 11. Bg2 c5
12. Bg5 Nbd7 13. Rc1 Qb7 14. O-O Nd5 15. Rfe1 b5 16. Qc2 Rac8
17. Qd2 c4 18. e4 N5b6 19. h4 Qa8 20. d5 Nc5 21. Bf6 Nbd7
22. e5 Nxf6 23. exf6 Qxd5 24. fxg7 Rfd8 25. Qh6 Bb7 26. Re5
Qd3 27. Rc3 Qb1+ 28. Kh2 Ne4 29. Rc1 Nxf2 30. Rxb1 Ng4+
31. Kg1 Nxh6 32. Rxb5 c3 33. bxc3 Bxf3 34. Bxf3 Rxc3 35. R5b3
Rdd3 36. Rxc3 Rxc3 37. Kg2 Rxa3 38. g4 Kxg7 39. Rb7 a5 40. Ra7
a4 41. Kf2 Ra2+ 42. Ke3 a3 43. Be2 Rb2 44. h5 Rb4 45. g5 Nf5+
46. Kd2 Rb2+ 47. Kd3 Rb3+ 48. Kc4 Rg3 49. g6 hxg6 50. hxg6
Kxg6 51. Bd3 Kf6 52. Rxa3 Nd6+ 53. Kb4 e5 54. Kc5 e4 55. Kd4
0-1

[Event "Chess Olympiad"]
[Site "Batumi GEO"]
[Date "2018.09.26"]
[EventDate "2018.09.24"]
[Round "3.2"]
[Result "1-0"]
[White "Luis Galego"]
[Black "Jan-Krzysztof Duda"]
[WhiteElo "2471"]
[BlackElo "2739"]
[PlyCount "92"]

1. d4 Nf6 2. Nf3 e6 3. c4 d5 4. Nc3 Bb4 5. Qa4+ Nc6 6. a3 Bxc3+ 7. bxc3 O-O 8.
Bg5 h6 9. Bh4 g5 10. Bg3 Ne4 11. Qc2 b6 12. e3 Ba6 13. Bd3 Na5 14. Ne5 Kg7 15.
cxd5 Bxd3 16. Qxd3 exd5 17. f3 Nxg3 18. hxg3 Qd6 19. Kf2 Nc6 20. f4 Rh8 21. Qf5
Nxe5 22. dxe5 Qe6 23. g4 b5 24. Rh5 a5 25. Rah1 Rae8 26. fxg5 Qxf5+ 27. gxf5
Rxe5 28. g4 Re4 29. Rxh6 Rxh6 30. gxh6+ Kh7 31. g5 Rg4 32. Rh5 c5 33. Kf3 Rg1
34. Kf2 Rg4 35. Kf3 Rg1 36. Kf4 Rg2 37. Ke5 b4 38. cxb4 cxb4 39. axb4 axb4 40.
Kf6 b3 41. Kxf7 b2 42. g6+ Kh8 43. Rh1 d4 44. exd4 Rg5 45. f6 Rg4 46. Re1 1-0

[Event "Chess Olympiad"]
[Site "Batumi GEO"]
[Date "2018.09.27"]
[EventDate "2018.09.24"]
[Round "4.9"]
[Result "1/2-1/2"]
[White "Jan-Krzysztof Duda"]
[Black "Sergey Karjakin"]
[WhiteElo "2739"]
[BlackElo "2760"]
[PlyCount "74"]

1. d4 Nf6 2. c4 e6 3. Nc3 Bb4 4. Qc2 d5 5. cxd5 exd5 6. Bg5 h6 7. Bh4 c5 8. dxc5
g5 9. Bg3 Ne4 10. e3 Qa5 11. Ne2 Bf5 12. Bxb8 Rxb8 13. Nd4 Bd7 14. Nb3 Bxc3+ 15.
bxc3 Qxc3+ 16. Qxc3 Nxc3 17. Bd3 Ke7 18. Kd2 Na4 19. Rhc1 Rhc8 20. Rc2 Rc7 21.
Rac1 Rbc8 22. f3 h5 23. Na5 Nxc5 24. Nxb7 Rxb7 25. Rxc5 Rxc5 26. Rxc5 Rb2+ 27.
Rc2 Rxc2+ 28. Bxc2 Kd6 29. Kc3 Kc5 30. g3 h4 31. gxh4 gxh4 32. a3 a5 33. f4 f6
34. Bd3 Bg4 35. Bc2 Bd7 36. Bd3 Bg4 37. Bc2 1/2-1/2

[Event "Chess Olympiad"]
[Site "Batumi GEO"]
[Date "2018.10.05"]
[EventDate "2018.09.24"]
[Round "11.3"]
[Result "1/2-1/2"]
[White "Viswanathan Anand"]
[Black "Jan-Krzysztof Duda"]
[WhiteElo "2771"]
[BlackElo "2739"]
[PlyCount "50"]

1. e4 e5 2. Nf3 Nf6 3. Nxe5 d6 4. Nf3 Nxe4 5. d4 d5 6. Bd3 Bf5
7. O-O Be7 8. Re1 O-O 9. Nbd2 Nd6 10. Bxf5 Nxf5 11. c3 c6
12. Qb3 Nd6 13. Nf1 Nd7 14. Bf4 Nb6 15. Re2 f6 16. Rae1 Rf7
17. Ng3 Bf8 18. Bxd6 Qxd6 19. Qc2 Qd7 20. b3 Rd8 21. h4 Nc8
22. h5 Nd6 23. Nh4 Qg4 24. Nf3 Qd7 25. Nh4 Qg4 1/2-1/2

[Event "World Rapid Championship"]
[Site "St Petersburg RUS"]
[Date "2018.12.26"]
[EventDate "2018.12.26"]
[Round "2.27"]
[Result "0-1"]
[White "Alexander Huzman"]
[Black "Jan-Krzysztof Duda"]
[WhiteElo "2580"]
[BlackElo "2738"]
[PlyCount "116"]

1. Nf3 Nf6 2. c4 g6 3. Nc3 d5 4. cxd5 Nxd5 5. e4 Nxc3 6. dxc3 Qxd1+ 7. Kxd1 f6
8. Be3 e5 9. Nd2 Nd7 10. Nb3 Bd6 11. Kc2 b6 12. Bc4 Bb7 13. f3 O-O-O 14. a4 a5
15. Rhd1 f5 16. exf5 gxf5 17. Be6 Rhg8 18. Bxf5 Rxg2+ 19. Rd2 Bxf3 20. Rxg2 Bxg2
21. Nd2 Rf8 22. Rg1 Rxf5 23. Rxg2 Bc5 24. Kd3 Rh5 25. Ne4 Rh3 26. Rg3 Rxh2 27.
Bxc5 bxc5 28. b3 Rh4 29. Rg8+ Kb7 30. Rg7 c4+ 31. bxc4 Kc6 32. Re7 Rh3+ 33. Kd2
Nb6 34. Re6+ Kb7 35. Nc5+ Ka7 36. Rc6 Nxc4+ 37. Kc2 h5 38. Rxc7+ Kb6 39. Rc8
Rh2+ 40. Kd3 Nd6 41. Nd7+ Kb7 42. Rc5 e4+ 43. Ke3 Rh3+ 44. Ke2 h4 45. Nf6 Rh2+
46. Ke3 Rh3+ 47. Ke2 Rg3 48. Rh5 h3 49. c4 Nxc4 50. Rh7+ Kc6 51. Rh6 Rg2+ 52.
Ke1 Rg1+ 53. Ke2 Rg2+ 54. Ke1 e3 55. Rxh3 Kc5 56. Rh4 Nb2 57. Ne4+ Kd4 58. Nf6+
Ke5 0-1

[Event "World Rapid Championship"]
[Site "St Petersburg RUS"]
[Date "2018.12.26"]
[EventDate "2018.12.26"]
[Round "4.8"]
[Result "1-0"]
[White "Yangyi Yu"]
[Black "Jan-Krzysztof Duda"]
[WhiteElo "2764"]
[BlackElo "2738"]
[PlyCount "106"]

1. e4 e5 2. Nf3 Nf6 3. Nxe5 d6 4. Nf3 Nxe4 5. d4 d5 6. Bd3 Bf5 7. O-O Be7 8. Ne5
Nd7 9. Nc3 Nxc3 10. bxc3 Bxd3 11. cxd3 O-O 12. Rb1 Nxe5 13. dxe5 b6 14. d4 Qd7
15. Be3 Rac8 16. f4 f5 17. Qb3 Qe6 18. Rfd1 c6 19. a4 Rc7 20. Rd3 Rfc8 21. Rbd1
Kf7 22. Kh1 Rd7 23. h3 Rcd8 24. Qa2 g6 25. Bc1 Rc8 26. Ba3 Bxa3 27. Qxa3 Kg7 28.
Qa2 Kf7 29. Qf2 Kg7 30. Qf3 Kf7 31. Kh2 Ke8 32. R3d2 Kd8 33. Qe2 Ke7 34. Rc2 Kf7
35. Rdc1 Rcc7 36. c4 dxc4 37. Rxc4 Rd5 38. Qc2 Ke8 39. Qb2 Kd7 40. Qc3 Kd8 41.
Rc2 Kd7 42. Kg3 Rc8 43. Qa3 Ra5 44. Kh2 Rd5 45. Qb4 Qe7 46. Qe1 Rc7 47. R2c3 Qe6
48. Qc1 Kd8 49. Rxc6 Rxc6 50. Rxc6 Qd7 51. e6 Qb7 52. Qc4 Rc5 53. Rd6+ 1-0

[Event "World Rapid Championship"]
[Site "St Petersburg RUS"]
[Date "2018.12.26"]
[EventDate "2018.12.26"]
[Round "5.30"]
[Result "1/2-1/2"]
[White "Jan-Krzysztof Duda"]
[Black "Kamil Miton"]
[WhiteElo "2738"]
[BlackElo "2588"]
[PlyCount "90"]

1. d4 Nf6 2. Bg5 e6 3. e4 h6 4. Bxf6 Qxf6 5. c3 d6 6. Bc4 Qg6 7. Qf3 Nc6 8. Ne2
Be7 9. Nd2 e5 10. d5 Nb8 11. Ng3 Qg4 12. Qd3 g6 13. h3 Qf4 14. Ne2 Qf6 15. g3 h5
16. f4 Nd7 17. Bb5 a6 18. Bxd7+ Bxd7 19. O-O-O h4 20. fxe5 Qxe5 21. Nf3 Qg7 22.
g4 O-O-O 23. Ned4 Kb8 24. Kb1 Rde8 25. Rhe1 Bf6 26. Nb3 Bb5 27. Qd2 Be5 28. Na5
Bg3 29. c4 Bxe1 30. Rxe1 Bd7 31. Qb4 b6 32. e5 Kc8 33. Nc6 dxe5 34. Ne7+ Rxe7
35. Qxe7 Re8 36. Qa3 e4 37. Qxa6+ Kb8 38. c5 Qf6 39. d6 exf3 40. dxc7+ Kxc7 41.
Qa7+ Kc8 42. Qa8+ Kc7 43. Qa7+ Kc8 44. Qa8+ Kc7 45. Qa7+ 1/2-1/2

[Event "World Rapid Championship"]
[Site "St Petersburg RUS"]
[Date "2018.12.27"]
[EventDate "2018.12.26"]
[Round "6.34"]
[Result "0-1"]
[White "Timur Gareyev"]
[Black "Jan-Krzysztof Duda"]
[WhiteElo "2569"]
[BlackElo "2738"]
[PlyCount "82"]

1. g4 d5 2. Bg2 Bxg4 3. c4 d4 4. Bxb7 Nd7 5. Bxa8 Qxa8 6. f3
e5 7. d3 f5 8. Qa4 Bh5 9. Na3 c6 10. Bd2 Ngf6 11. O-O-O Be7
12. Bb4 c5 13. Ba5 O-O 14. Nh3 e4 15. Nf4 Bf7 16. fxe4 fxe4
17. Rhg1 Ne5 18. Bc7 Ng6 19. Qa6 Kh8 20. Nb5 Nxf4 21. Bxf4 Bh5
22. Qe6 Qd8 23. Nxa7 Re8 24. Nc6 Qb6 25. Nxd4 Qa5 26. Rxg7 Bd8
27. Re7 Bxe7 28. Nc6 Qxa2 29. Be5 Qa1+ 30. Kd2 e3+ 31. Ke1 Qa8
32. b4 Rg8 33. Bxf6+ Bxf6 34. Qxf6+ Rg7 35. Ra1 Qxc6 36. Qf8+
Rg8 37. Qf1 cxb4 38. Kd1 Qd6 39. Kc2 Qd4 40. Ra6 Bxe2 41. Qxe2
Qc3+ 0-1

[Event "World Rapid Championship"]
[Site "St Petersburg RUS"]
[Date "2018.12.27"]
[EventDate "2018.12.26"]
[Round "7.26"]
[Result "1/2-1/2"]
[White "Jan-Krzysztof Duda"]
[Black "Robert Hovhannisyan"]
[WhiteElo "2738"]
[BlackElo "2637"]
[PlyCount "209"]

1. Nf3 d5 2. c4 c6 3. e3 Nf6 4. Nc3 e6 5. b3 Bd6 6. Bb2 O-O
7. Qc2 e5 8. Be2 Bg4 9. cxd5 cxd5 10. Ng5 Bxe2 11. Nxd5 Nbd7
12. Kxe2 Rc8 13. Qd3 h6 14. h4 Re8 15. Nxf6+ Nxf6 16. Ne4 Nxe4
17. Qxe4 Qd7 18. Rac1 Qb5+ 19. d3 Qa6 20. Qa4 Qb6 21. g4 Bf8
22. Rxc8 Rxc8 23. Rc1 Rxc1 24. Bxc1 a6 25. Bb2 Qe6 26. Qc4 Qe7
27. h5 b5 28. Qc6 Qb4 29. e4 Qa5 30. a4 bxa4 31. Qxa4 Qc7
32. Qc4 Qd6 33. Qd5 Qc7 34. Bxe5 Qc2+ 35. Kf3 Qd1+ 36. Kg2
Qxg4+ 37. Bg3 Qc8 38. d4 Qg4 39. f3 Qc8 40. Qc4 Qd8 41. d5 Qg5
42. Qc8 Qd2+ 43. Kh3 Qd1 44. Kg4 g6 45. hxg6 fxg6 46. Qe6+ Kh7
47. Qf7+ Bg7 48. Bf2 h5+ 49. Kg5 Qd2+ 50. f4 Qxf2 51. Qxg6+
Kg8 52. Qe8+ Bf8 53. Qxh5 Qa7 54. Qg6+ Kh8 55. Qh5+ Kg8
56. Qg6+ Kh8 57. e5 Qg1+ 58. Kf5 Qa7 59. Qh5+ Kg8 60. Qe8 Qe3
61. Qg6+ Bg7 62. Qe8+ Kh7 63. Qh5+ Kg8 64. d6 Qd3+ 65. Kg5
Qg3+ 66. Qg4 Qxb3 67. Qc8+ Kh7 68. Qf5+ Kg8 69. d7 Qd5 70. Kg6
Qg2+ 71. Kh5 Qh2+ 72. Kg5 Qg2+ 73. Qg4 Qd5 74. Qh3 a5 75. Qf5
a4 76. Kg6 Qg2+ 77. Kh5 Qh2+ 78. Kg4 Qg2+ 79. Kh4 Qd5 80. Qg4
a3 81. e6 Qh1+ 82. Kg5 Qh6+ 83. Kf5 Qf6+ 84. Ke4 Qd4+ 85. Kf3
Qd1+ 86. Ke3 Qd4+ 87. Ke2 a2 88. Qg5 Qe4+ 89. Kf2 Qc2+ 90. Kg3
Qd3+ 91. Kh4 a1=Q 92. d8=Q+ Qxd8 93. Qxd8+ Kh7 94. Qd3+ Kg8
95. Qe4 Qf6+ 96. Kh5 Bf8 97. Qg6+ Qxg6+ 98. Kxg6 Be7 99. f5
Kf8 100. f6 Bd8 101. Kg5 Ke8 102. Kf5 Bxf6 103. Kxf6 Kf8
104. e7+ Ke8 105. Ke6 1/2-1/2

[Event "World Rapid Championship"]
[Site "St Petersburg RUS"]
[Date "2018.12.27"]
[EventDate "2018.12.26"]
[Round "8.25"]
[Result "0-1"]
[White "Dmitry Frolyanov"]
[Black "Jan-Krzysztof Duda"]
[WhiteElo "2517"]
[BlackElo "2738"]
[PlyCount "124"]

1. e4 d6 2. d4 Nf6 3. Nc3 g6 4. f4 Bg7 5. Bd3 Nc6 6. Nf3 Bg4
7. Be3 O-O 8. h3 Bxf3 9. Qxf3 e5 10. dxe5 dxe5 11. f5 Nd4
12. Qf2 Nh5 13. O-O-O c6 14. Kb1 Qe7 15. Ne2 Rfd8 16. g4 Nxe2
17. gxh5 Nf4 18. hxg6 hxg6 19. fxg6 fxg6 20. Bxf4 exf4
21. Bc4+ Kh7 22. Qxf4 b5 23. Bb3 a5 24. Rdg1 Be5 25. Qf7+ Qxf7
26. Bxf7 Rd6 27. a3 Rf8 28. Rf1 Kg7 29. Ba2 Rdf6 30. Rxf6 Rxf6
31. a4 bxa4 32. Bc4 Rf3 33. Ka2 a3 34. b3 Bb2 35. e5 Re3
36. e6 g5 37. Rg1 Kh6 38. Rf1 Kh5 39. Rf7 Kh4 40. e7 Re1
41. Rf1 Rxe7 42. Rh1 Re3 43. Rg1 Kxh3 44. b4 Re5 45. bxa5 Rxa5
46. Be6+ Kh2 47. Rg4 Rc5 48. Bb3 Re5 49. Ba4 Kh3 50. Rc4 c5
51. Bd7+ Kg3 52. Rg4+ Kf3 53. Rg1 Kf2 54. Rg4 Bc1 55. Bc6 Re6
56. Bb5 Rb6 57. Bd3 Rb2+ 58. Ka1 Rb4 59. Bc4 Bf4 60. Be6 Be5+
61. Ka2 Rxg4 62. Bxg4 Kg3 0-1

[Event "World Rapid Championship"]
[Site "St Petersburg RUS"]
[Date "2018.12.27"]
[EventDate "2018.12.26"]
[Round "9.14"]
[Result "1/2-1/2"]
[White "Jan-Krzysztof Duda"]
[Black "Semen Khanin"]
[WhiteElo "2738"]
[BlackElo "2514"]
[PlyCount "53"]

1. d4 Nf6 2. Nf3 g6 3. Bg5 Bg7 4. Nbd2 O-O 5. c3 d6 6. e4 c5
7. dxc5 dxc5 8. Bc4 Nc6 9. Qe2 h6 10. Bxf6 exf6 11. O-O-O Qc7
12. Qe3 f5 13. Qxc5 b6 14. Qe3 Re8 15. Bd5 Ba6 16. Kb1 f4
17. Qe1 Bd3+ 18. Ka1 Nb4 19. cxb4 Bxb2+ 20. Kxb2 Qc2+ 21. Ka3
a5 22. b5 Qc5+ 23. Kb2 Qc2+ 24. Ka3 Qc5+ 25. Kb2 Qc2+ 26. Ka3
Qc5+ 27. Kb2 1/2-1/2

[Event "World Rapid Championship"]
[Site "St Petersburg RUS"]
[Date "2018.12.27"]
[EventDate "2018.12.26"]
[Round "10.11"]
[Result "1/2-1/2"]
[White "Jan-Krzysztof Duda"]
[Black "Pentala Harikrishna"]
[WhiteElo "2738"]
[BlackElo "2725"]
[PlyCount "173"]

1. c4 e5 2. Nc3 Nf6 3. Nf3 Nc6 4. e3 Bb4 5. Qc2 Bxc3 6. Qxc3
Qe7 7. d4 Ne4 8. Qd3 exd4 9. Nxd4 O-O 10. Be2 Qb4+ 11. Kf1
Nxd4 12. Qxd4 Qe7 13. f3 Nc5 14. Bd2 d6 15. Bc3 f5 16. Kf2 a5
17. Rhe1 Bd7 18. b3 Bc6 19. Bf1 b6 20. Kg1 Rae8 21. Rab1 Qg5
22. Qf4 Qxf4 23. exf4 Rxe1 24. Bxe1 Re8 25. Kf2 g6 26. Bd2 Kf7
27. Be2 Re7 28. Be3 Re8 29. Rb2 Ra8 30. Rd2 Re8 31. Bd1 Rd8
32. a3 Ne6 33. Be2 d5 34. cxd5 Rxd5 35. Bc4 Rxd2+ 36. Bxd2 Bd7
37. Ke3 Ke7 38. Bc3 a4 39. b4 b5 40. Bd3 c6 41. Be5 Nd8 42. h3
Bc8 43. g4 Bd7 44. Bd4 Nb7 45. Bb6 Ke6 46. Bb1 Nd6 47. Kd4 Nc4
48. Ba2 Kd6 49. Bc5+ Kc7 50. Bxc4 bxc4 51. Kxc4 Be6+ 52. Kd4
Bb3 53. Ke5 Bc2 54. Ke6 Bd3 55. h4 Kd8 56. Kf6 Ke8 57. g5 Be2
58. h5 gxh5 59. Kg7 h4 60. Kxh7 h3 61. Bg1 Ke7 62. g6 Bxf3
63. Bh2 Bd5 64. g7 Kd6 65. Kg6 Bg8 66. Kxf5 c5 67. bxc5+ Kxc5
68. Ke5 Kc6 69. Kd4 Bb3 70. Kc3 Kd7 71. Kb4 Ke7 72. g8=Q Bxg8
73. Kxa4 Kd7 74. Kb5 Kc7 75. f5+ Kb7 76. f6 Bf7 77. a4 Ka8
78. Kb6 Be6 79. Kc7 Bf7 80. Kd6 Ba2 81. Ke7 Bb3 82. f7 Bxf7
83. Kxf7 Kb7 84. Kg6 Ka6 85. Kg5 Ka5 86. Kg4 Kxa4 87. Kxh3
1/2-1/2

[Event "World Rapid Championship"]
[Site "St Petersburg RUS"]
[Date "2018.12.28"]
[EventDate "2018.12.26"]
[Round "12.18"]
[Result "1/2-1/2"]
[White "Konstantin Rufovich Sakaev"]
[Black "Jan-Krzysztof Duda"]
[WhiteElo "2584"]
[BlackElo "2738"]
[PlyCount "51"]

1. d4 Nf6 2. c4 g6 3. Nc3 d5 4. Nf3 Bg7 5. h4 c6 6. cxd5 cxd5
7. Bf4 Nc6 8. e3 O-O 9. Qb3 Na5 10. Qb4 Nc6 11. Qb3 Na5
12. Qb4 Ne4 13. Rc1 Nc6 14. Qb3 Nxc3 15. Rxc3 e5 16. Nxe5 Nxe5
17. Bxe5 Bxe5 18. dxe5 d4 19. exd4 Qxd4 20. Bc4 Qxe5+ 21. Re3
Qa5+ 22. Ke2 Bg4+ 23. f3 Bd7 24. Qc3 Qxc3 25. Rxc3 Rad8
26. Rd1 1/2-1/2

[Event "World Rapid Championship"]
[Site "St Petersburg RUS"]
[Date "2018.12.28"]
[EventDate "2018.12.26"]
[Round "13.21"]
[Result "1-0"]
[White "Jan-Krzysztof Duda"]
[Black "Andrew Tang"]
[WhiteElo "2738"]
[BlackElo "2487"]
[PlyCount "69"]

1. Nf3 d5 2. c4 e6 3. e3 Nf6 4. b3 c5 5. Bb2 Nc6 6. cxd5 exd5
7. Bb5 Bd6 8. O-O O-O 9. d4 cxd4 10. Nxd4 Bg4 11. Be2 Bxe2
12. Qxe2 Re8 13. Nd2 Be5 14. Nxc6 bxc6 15. Bxe5 Rxe5 16. Rac1
Qb6 17. Rc2 c5 18. Rfc1 Rc8 19. Qd3 h6 20. h3 Re7 21. Qf5 Rec7
22. Nf3 Qd6 23. Qe5 Qb6 24. Nd4 Re8 25. Qf4 Ne4 26. Nf5 Rc6
27. Rd1 Rf6 28. Rxd5 Qe6 29. Qg4 Rg6 30. Qd1 Rg5 31. g4 h5
32. f4 Rg6 33. Re5 Qc8 34. Ne7+ Rxe7 35. Rxe7 1-0

[Event "World Rapid Championship"]
[Site "St Petersburg RUS"]
[Date "2018.12.28"]
[EventDate "2018.12.26"]
[Round "15.8"]
[Result "1-0"]
[White "Jan-Krzysztof Duda"]
[Black "Peter Svidler"]
[WhiteElo "2738"]
[BlackElo "2737"]
[PlyCount "71"]

1. c4 e5 2. Nc3 Nc6 3. Nf3 Nf6 4. e3 Bb4 5. Qc2 Bxc3 6. Qxc3
Qe7 7. d4 Ne4 8. Qd3 exd4 9. Nxd4 Qb4+ 10. Bd2 Nxd2 11. Qxd2
Qe7 12. Nxc6 bxc6 13. Qc3 O-O 14. c5 a5 15. Bd3 Ba6 16. Bxa6
Rxa6 17. O-O d5 18. cxd6 cxd6 19. Rfd1 c5 20. Rd2 a4 21. Qc4
Rfa8 22. Rad1 Rb6 23. g3 h6 24. h4 Raa6 25. Rd5 Qb7 26. R1d2
Rb4 27. Qc2 Qe7 28. Qd1 Qe4 29. a3 Rb3 30. Qe2 Rbb6 31. h5 Qe6
32. Qd3 Qg4 33. Kg2 c4 34. Qc2 Rc6 35. e4 f6 36. Rf5 1-0

[Event "World Blitz Championship"]
[Site "St Petersburg RUS"]
[Date "2018.12.29"]
[EventDate "2018.12.29"]
[Round "12"]
[Result "1-0"]
[White "Jan-Krzysztof Duda"]
[Black "Nikita Vitiugov"]
[WhiteElo "2694"]
[BlackElo "2696"]
[PlyCount "144"]

1. d4 d5 2. Bf4 Nf6 3. e3 e6 4. Nf3 Bd6 5. Nbd2 Bxf4 6. exf4 O-O 7. Bd3 b6
8. Qe2 a5 9. Ne5 c5 10. c3 Ba6 11. Bxa6 Nxa6 12. O-O Nc7 13. Rad1 Qc8 14.
Rfe1 a4 15. g3 Qa6 16. Qe3 Qb5 17. Rb1 cxd4 18. Qxd4 Na6 19. Ndf3 Nc5 20.
Qd1 Nfd7 21. Nd4 Qa6 22. Nec6 Qb7 23. f5 Rae8 24. Nb4 Nf6 25. fxe6 fxe6 26.
Nd3 Nxd3 27. Qxd3 e5 28. Nb5 Qd7 29. Rbd1 e4 30. Qe2 Ng4 31. Rf1 Ne5 32.
Kg2 Nf3 33. Nd4 Qg4 34. h3 Qg5 35. Qe3 Qg6 36. Ne2 Nh4+ 37. Kh1 Nf5 38. Qf4
e3 39. f3 Nd6 40. Qd4 Nf5 41. Qxd5+ Kh8 42. g4 Qh6 43. Kh2 Nh4 44. f4 Qf6
45. Rd4 Ng6 46. Qf3 Qe7 47. Rfd1 a3 48. b3 Qc7 49. Kg1 Ne5 50. Qg2 Ng6 51.
f5 Ne5 52. Qg3 Qc6 53. Rf1 h6 54. Kh2 b5 55. h4 h5 56. gxh5 Qh6 57. Qg5 Kh7
58. Kh3 Rf6 59. Qxh6+ Kxh6 60. Re4 Rff8 61. Rxe3 Nd7 62. Rxe8 Rxe8 63. Ng3
Re3 64. c4 bxc4 65. bxc4 Nf6 66. Kg2 Rc3 67. Rf2 Rxc4 68. Re2 Nxh5 69. Re8
Nf4+ 70. Kf3 g6 71. f6 Nd5 72. Rh8# 1-0